[Event "SE-2020-0-00008"]
[Site "LSS email"]
[Date "2020.06.28"]
[Round "?"]
[White "Shah, Sehba"]
[Black "Raines, David"]
[Result "0-1"]
[WhiteElo "1253"]
[BlackElo "1311"]
[PlyCount "50"]
[EventDate "2020.04.29"]
[EventType "tourn (corr)"]
[EventRounds "6"]
[EventCountry "GER"]
[SourceTitle "Corr 2024"]
[Source "ChessBase"]
[SourceDate "2023.10.19"]
[SourceVersion "1"]
[SourceVersionDate "2023.10.19"]
[SourceQuality "1"]

1. e4 c5 2. c3 d5 3. exd5 Qxd5 4. d4 Nc6 5. Nf3 Bg4 6. Be2 0-0-0 7. c4 Qe4 8. Nc3 Qf5 9. d5 Nf6 10. Be3 Nb4 11. 0-0 e6 12. a3 Nc2 13. Bd3 Nxe3 14. fxe3 Qh5 15. Qe1 exd5 16. Qg3 Bd6 17. Qf2 d4 18. Nb5 dxe3 19. Qxe3 Kb8 20. b4 Rhe8 21. Qf2 Bf4 22. Rfe1 Rxd3 23. bxc5 Ne4 24. Qc2 Bxf3 25. g3 Rd2 0-1

[Event "SE-2020-0-00008"]
[Site "LSS email"]
[Date "2020.06.28"]
[Round "?"]
[White "Shah, Sehba"]
[Black "Shim Ng Min, Francis"]
[Result "1-0"]
[WhiteElo "1253"]
[BlackElo "1223"]
[PlyCount "76"]
[EventDate "2020.04.29"]
[EventType "tourn (corr)"]
[EventRounds "6"]
[EventCountry "GER"]
[SourceTitle "Corr 2024"]
[Source "ChessBase"]
[SourceDate "2023.10.19"]
[SourceVersion "1"]
[SourceVersionDate "2023.10.19"]
[SourceQuality "1"]

1. e4 c5 2. c3 d5 3. exd5 Qxd5 4. d4 e6 5. Na3 cxd4 6. Nb5 Na6 7. Qxd4 Nf6 8. Nf3 Be7 9. Be2 0-0 10. Be3 Qxd4 11. Bxd4 b6 12. 0-0 Bb7 13. h3 Rfc8 14. Be3 Nc7 15. Nfd4 Nxb5 16. Nxb5 a6 17. Nd4 b5 18. a4 bxa4 19. Rxa4 Nd5 20. Bd2 h6 21. Nf3 Bf6 22. Rfa1 Nc7 23. Bf4 Nd5 24. Be5 Bxe5 25. Nxe5 Nc7 26. Nd7 Rd8 27. Rd1 Nd5 28. Nc5 Bc6 29. Rxa6 Nf4 30. Rxd8+ Rxd8 31. Rxc6 Nxe2+ 32. Kh2 Rd2 33. b4 Rc2 34. Na4 Nd4 35. Rc8+ Kh7 36. c4 Rxf2 37. b5 Ra2 38. b6 Rxa4 1-0

[Event "IECC CL0-2017.00 email"]
[Site "IECC email"]
[Date "2017.09.24"]
[Round "?"]
[White "Shah, Sehba"]
[Black "Chura, Michal"]
[Result "1-0"]
[WhiteElo "1287"]
[BlackElo "1269"]
[PlyCount "97"]
[EventDate "2017.08.19"]
[EventType "tourn (corr)"]
[EventRounds "4"]
[SourceTitle "Corr 2022"]
[Source "ChessBase"]
[SourceDate "2021.10.24"]
[SourceVersion "1"]
[SourceVersionDate "2021.10.24"]
[SourceQuality "1"]

1. e4 c5 2. c3 Nc6 3. d4 cxd4 4. cxd4 d6 5. f4 e6 6. Nf3 Nge7 7. Bb5 Bd7 8. Nc3 d5 9. 0-0 Qb6 10. Ba4 g6 11. Nb5 Na5 12. Nc3 Bg7 13. Bxd7+ Kxd7 14. Qa4+ Nac6 15. e5 Rac8 16. Nb5 Nf5 17. g4 Nfe7 18. Nd6 Rcf8 19. Be3 Nc8 20. Rfc1 Nxd6 21. exd6 Kxd6 22. Ne5 Kc7 23. Qa3 Bxe5 24. dxe5 Qb5 25. Qd6+ Kc8 26. Bxa7 Rd8 27. Qe7 Rd7 28. Qa3 Rc7 29. Bc5 Kd7 30. Bd6 Rcc8 31. Rc5 Qb6 32. Kg2 Ra8 33. Qc3 Ra4 34. b3 Rxf4 35. Kg3 Re4 36. a3 Rc8 37. Rf1 f5 38. h3 Nd4 39. Rf2 Ne2+ 40. Rxe2 Rxe2 41. Kf3 Rxc5 42. Bxc5 Qa6 43. Bd6 Rc2 44. Qxc2 Qf1+ 45. Kg3 Qg1+ 46. Kh4 Qb6 47. Kg5 Qd8+ 48. Kf4 g5+ 49. Kf3 1-0

[Event "IECC CL0-2017.00 email"]
[Site "IECC email"]
[Date "2017.09.24"]
[Round "?"]
[White "Shah, Sehba"]
[Black "Shim Ng Min, Francis"]
[Result "0-1"]
[WhiteElo "1287"]
[BlackElo "1239"]
[PlyCount "70"]
[EventDate "2017.08.19"]
[EventType "tourn (corr)"]
[EventRounds "4"]
[SourceTitle "Corr 2022"]
[Source "ChessBase"]
[SourceDate "2021.10.24"]
[SourceVersion "1"]
[SourceVersionDate "2021.10.24"]
[SourceQuality "1"]

1. e4 c5 2. c3 d5 3. exd5 Qxd5 4. d4 Nf6 5. Nf3 e6 6. Na3 Be7 7. Bf4 0-0 8. Bd3 cxd4 9. c4 Qa5+ 10. Bd2 Bb4 11. Nxd4 Qe5+ 12. Ne2 Qxb2 13. Rb1 Bxd2+ 14. Qxd2 Qxa3 15. 0-0 Nc6 16. Rb3 Qe7 17. Bb1 Rd8 18. Qg5 h6 19. Qh4 e5 20. Rg3 Ng4 21. Rxg4 Bxg4 22. Qxg4 Nd4 23. Ng3 Qg5 24. Qe4 g6 25. Qxb7 a5 26. Ne4 Qf4 27. c5 Rab8 28. Qa6 Rxb1 29. Nf6+ Kg7 30. Rxb1 Qxf6 31. Qxa5 Qf5 32. Re1 Rb8 33. Qc7 Rb1 34. Qa5 Qe4 35. Kf1 Qe2+ 0-1

[Event "RE-2017-0-00189"]
[Site "LSS email"]
[Date "2017.07.03"]
[Round "?"]
[White "Shah, Sehba"]
[Black "Couspeyre, Thierry"]
[Result "0-1"]
[WhiteElo "1297"]
[BlackElo "1300"]
[PlyCount "80"]
[EventDate "2017.04.27"]
[EventType "tourn (corr)"]
[EventRounds "6"]
[EventCountry "GER"]
[SourceTitle "Corr 2022"]
[Source "ChessBase"]
[SourceDate "2021.10.24"]
[SourceVersion "1"]
[SourceVersionDate "2021.10.24"]
[SourceQuality "1"]

1. e4 g6 2. d4 Bg7 3. Nc3 d6 4. f4 Nf6 5. Nf3 0-0 6. Bd3 c5 7. dxc5 dxc5 8. e5 Nd5 9. Nxd5 Qxd5 10. Qe2 Nc6 11. Be4 Qd7 12. c3 b6 13. 0-0 Bb7 14. Rd1 Qc7 15. e6 fxe6 16. Ng5 Rf6 17. Qg4 Qc8 18. Nxe6 Kh8 19. f5 Ne5 20. Bxb7 Qxb7 21. Qh3 Rxf5 22. Nxg7 Kxg7 23. Bh6+ Kg8 24. Rf1 e6 25. Qg3 Nf7 26. Be3 Qd5 27. Rfd1 Qc4 28. Rd7 Ne5 29. Rc7 Raf8 30. h3 Qe4 31. Bh6 Rd8 32. Re1 Qd5 33. Rg7+ Kh8 34. Rxa7 Nf7 35. Qc7 e5 36. Qe7 Kg8 37. b3 Qd3 38. Rxe5 Qf1+ 39. Kh2 Rxe5 40. Qh4 Re2 0-1

[Event "SE-2016-0-00228"]
[Site "LSS email"]
[Date "2016.06.08"]
[Round "?"]
[White "Shah, Sehba"]
[Black "Chura, Michal"]
[Result "1-0"]
[WhiteElo "1270"]
[BlackElo "1897"]
[PlyCount "43"]
[EventDate "2016.03.18"]
[EventType "tourn (corr)"]
[EventRounds "6"]
[EventCountry "GER"]
[SourceTitle "Corr 2022"]
[Source "ChessBase"]
[SourceDate "2021.10.24"]
[SourceVersion "1"]
[SourceVersionDate "2021.10.24"]
[SourceQuality "1"]

1. e4 c5 2. c3 e6 3. d4 cxd4 4. cxd4 d5 5. e5 Nc6 6. Nf3 Nge7 7. Nc3 Ng6 8. h4 Bb4 9. h5 Nge7 10. h6 g6 11. a3 Ba5 12. b4 Bb6 13. Bg5 a6 14. Bf6 Rg8 15. Qd2 Ba7 16. Na4 Qc7 17. Rc1 b5 18. Nc5 Bb7 19. Ng5 Nf5 20. Nxh7 Nfxd4 21. Ng5 Nf5 22. h7 1-0

[Event "SE-2016-0-00228"]
[Site "LSS email"]
[Date "2016.06.07"]
[Round "?"]
[White "Puzanov, Vasyl"]
[Black "Shah, Sehba"]
[Result "0-1"]
[WhiteElo "1442"]
[BlackElo "1270"]
[PlyCount "34"]
[EventDate "2016.03.18"]
[EventType "tourn (corr)"]
[EventRounds "6"]
[EventCountry "GER"]
[SourceTitle "Corr 2022"]
[Source "ChessBase"]
[SourceDate "2021.10.24"]
[SourceVersion "1"]
[SourceVersionDate "2021.10.24"]
[SourceQuality "1"]

1. e4 c5 2. d4 cxd4 3. c3 dxc3 4. Bc4 e6 5. Nxc3 a6 6. a4 Nc6 7. Nf3 d6 8. 0-0 Be7 9. Be3 Nf6 10. Qc2 0-0 11. h3 Bd7 12. Rad1 Rc8 13. Qb1 Qa5 14. Bd2 Ne5 15. Be2 Nxf3+ 16. Bxf3 e5 17. Nd5 Qd8 0-1

[Event "ZL-2016-0-01914"]
[Site "LSS email"]
[Date "2016.05.29"]
[Round "?"]
[White "Lauer, Frederic"]
[Black "Shah, Sehba"]
[Result "1/2-1/2"]
[WhiteElo "1191"]
[BlackElo "1270"]
[PlyCount "71"]
[EventDate "2016.05.24"]
[EventType "match (corr)"]
[EventRounds "2"]
[EventCountry "GER"]
[SourceTitle "Corr 2022"]
[Source "ChessBase"]
[SourceDate "2021.10.24"]
[SourceVersion "1"]
[SourceVersionDate "2021.10.24"]
[SourceQuality "1"]

1. e4 c5 2. Nf3 Nc6 3. d4 cxd4 4. Nxd4 Nf6 5. Nc3 e5 6. Ndb5 d6 7. Bg5 a6 8. Na3 b5 9. Nd5 Be7 10. Bxf6 Bxf6 11. c4 b4 12. Qa4 Bd7 13. Nb1 Nd4 14. Qd1 a5 15. Bd3 Bg5 16. 0-0 0-0 17. Nd2 Bh6 18. Nf3 Bg4 19. Be2 Ne6 20. h3 Bh5 21. Qc2 Nf4 22. Nxf4 Bxf4 23. Rad1 Qe7 24. b3 Bg6 25. Rd5 f5 26. exf5 Bxf5 27. Qd1 Rf6 28. c5 dxc5 29. Bc4 Kh8 30. Re1 Re8 31. Nxe5 Qf8 32. Nd7 Rxe1+ 33. Qxe1 Bxd7 34. Rxd7 Rd6 35. Rxd6 Bxd6 36. Qe6 1/2-1/2

[Event "RF-2014-0-00196"]
[Site "LSS email"]
[Date "2014.08.21"]
[Round "?"]
[White "Shah, Sehba"]
[Black "Lenz, Juergen"]
[Result "1-0"]
[WhiteElo "1175"]
[BlackElo "947"]
[PlyCount "73"]
[EventDate "2014.07.20"]
[EventType "tourn (corr)"]
[EventRounds "6"]
[EventCountry "GER"]
[SourceTitle "Corr 2015"]
[Source "ChessBase"]
[SourceDate "2015.07.17"]
[SourceVersion "1"]
[SourceVersionDate "2015.07.17"]
[SourceQuality "1"]

1. e4 Nf6 2. e5 Nd5 3. d4 d6 4. Nf3 Nc6 5. c4 Nb6 6. e6 fxe6 7. Ng5 g6 8. d5 exd5 9. cxd5 Ne5 10. f4 Nf7 11. Bb5+ Bd7 12. Ne6 Qc8 13. Bxd7+ Nxd7 14. Qc2 c6 15. Na3 Nf6 16. Nxf8 Kxf8 17. dxc6 bxc6 18. 0-0 Kg7 19. Bd2 c5 20. Rac1 Qf5 21. Qd1 Ne4 22. Be3 Rab8 23. b3 Rhf8 24. Rc2 Nh6 25. Bc1 Ng4 26. Qe2 Rb7 27. Bb2+ Ngf6 28. g4 Qd5 29. Rd1 Qc6 30. Rd4 Kg8 31. g5 Qd7 32. Rd1 Qg4+ 33. Kh1 Qxf4 34. gxf6 Nxf6 35. Rc4 Qf5 36. Nc2 Ng4 37. Qxg4 1-0

[Event "ZL-2014-0-01517"]
[Site "LSS email"]
[Date "2014.08.21"]
[Round "?"]
[White "Shah, Sehba"]
[Black "Strohmeier, Josef"]
[Result "1-0"]
[WhiteElo "1175"]
[BlackElo "1167"]
[PlyCount "33"]
[EventDate "2014.08.17"]
[EventType "match (corr)"]
[EventRounds "2"]
[EventCountry "GER"]
[SourceTitle "Corr 2015"]
[Source "ChessBase"]
[SourceDate "2015.07.17"]
[SourceVersion "1"]
[SourceVersionDate "2015.07.17"]
[SourceQuality "1"]

1. e4 c5 2. c3 d5 3. exd5 Qxd5 4. d4 Nf6 5. Nf3 Bg4 6. Be2 e6 7. h3 Bh5 8. 0-0 Nc6 9. Be3 cxd4 10. cxd4 Be7 11. Nc3 Qd7 12. Ne5 Bxe2 13. Nxd7 Bxd1 14. Nxf6+ Bxf6 15. Rfxd1 Rd8 16. d5 exd5 17. Nxd5 1-0

[Event "ZL-2014-0-01434"]
[Site "LSS email"]
[Date "2014.04.22"]
[Round "?"]
[White "Caviglia, Maximiliano"]
[Black "Shah, Sehba"]
[Result "1-0"]
[WhiteElo "1167"]
[BlackElo "1201"]
[PlyCount "95"]
[EventDate "2014.04.14"]
[EventType "match (corr)"]
[EventRounds "2"]
[EventCountry "GER"]
[SourceTitle "Corr 2022"]
[Source "ChessBase"]
[SourceDate "2021.10.24"]
[SourceVersion "1"]
[SourceVersionDate "2021.10.24"]
[SourceQuality "1"]

1. d4 Nf6 2. Nf3 e6 3. Bf4 c5 4. e3 Nc6 5. c3 Be7 6. Bd3 Nh5 7. Bg3 d5 8. Nbd2 Nxg3 9. hxg3 h6 10. dxc5 Bxc5 11. Nb3 Be7 12. Qd2 e5 13. e4 Be6 14. exd5 Qxd5 15. Bc2 Qxd2+ 16. Nbxd2 0-0-0 17. 0-0 f5 18. Nb3 g6 19. Rad1 Kc7 20. Nh4 Rhg8 21. Rxd8 Kxd8 22. Rd1+ Kc7 23. Nf3 g5 24. Re1 Bf6 25. Nfd4 Nxd4 26. Nxd4 Bxa2 27. Nxf5 Rd8 28. Nxh6 Rd2 29. Ng4 Bg7 30. Bf5 Rxb2 31. Rd1 Bf8 32. Rd7+ Kc6 33. Nxe5+ Kb6 34. Be4 Ka6 35. f4 Bc5+ 36. Kh2 Rb6 37. fxg5 Re6 38. Nd3 Be3 39. Bxb7+ Kb5 40. Bd5 Re8 41. g6 Bxd5 42. Rxd5+ Kc4 43. Rd7 Kxc3 44. Nf4 Bd4 45. g7 a5 46. Ne2+ Kd3 47. Nxd4 a4 48. Ne6+ 1-0

[Event "SE-2013-0-00146"]
[Site "LSS email"]
[Date "2013.08.28"]
[Round "?"]
[White "Shah, Sehba"]
[Black "Miquel Badenes, Jose"]
[Result "1-0"]
[WhiteElo "1115"]
[BlackElo "1136"]
[PlyCount "73"]
[EventDate "2013.05.25"]
[EventType "tourn (corr)"]
[EventRounds "6"]
[EventCountry "GER"]
[SourceTitle "Telechess CBM 167"]
[Source "ChessBase"]
[SourceDate "2015.07.13"]
[SourceVersion "1"]
[SourceVersionDate "2015.07.13"]
[SourceQuality "1"]

1. e4 e6 2. d4 c5 3. Nf3 d5 4. exd5 exd5 5. Be2 Nf6 6. Bg5 Nc6 7. 0-0 Be7 8. Nc3 0-0 9. dxc5 Be6 10. Na4 h6 11. Be3 Qa5 12. c3 Qc7 13. Qd2 Ne4 14. Qc2 Ne5 15. Nxe5 Bf6 16. Ng4 Bxg4 17. Bxg4 Rad8 18. Rad1 Bg5 19. Bd4 Rfe8 20. Rde1 Nf6 21. Bd1 Qd7 22. Qd3 Rxe1 23. Rxe1 Ne4 24. f3 Nf6 25. Bc2 g6 26. Bb3 Nh5 27. Be5 Bf6 28. g4 Bh4 29. Rd1 Ng7 30. Qxd5 Qxd5 31. Rxd5 Ne6 32. Rxd8+ Bxd8 33. Bd5 Nc7 34. Bxb7 Ne6 35. Bd6 Kg7 36. b4 Bf6 37. b5 1-0

[Event "RF-2013-0-00162"]
[Site "LSS email"]
[Date "2013.08.10"]
[Round "?"]
[White "Verich, Oleg"]
[Black "Shah, Sehba"]
[Result "0-1"]
[WhiteElo "947"]
[BlackElo "1100"]
[PlyCount "112"]
[EventDate "2013.06.12"]
[EventType "tourn (corr)"]
[EventRounds "6"]
[EventCountry "GER"]
[SourceTitle "Telechess CBM 163"]
[Source "ChessBase"]
[SourceDate "2014.11.11"]
[SourceVersion "2"]
[SourceVersionDate "2014.11.11"]
[SourceQuality "1"]

1. d4 Nf6 2. g3 c5 3. d5 g6 4. Bg2 d6 5. e4 Bg7 6. Ne2 0-0 7. 0-0 b5 8. c3 Bg4 9. Be3 Nbd7 10. Nd2 Ne5 11. f3 Bd7 12. Qc2 Qc8 13. a3 a5 14. b3 Bh3 15. Nf4 Bxg2 16. Kxg2 Qd7 17. Nd3 Nxd3 18. Qxd3 Qb7 19. Rab1 Nd7 20. a4 b4 21. cxb4 Qxb4 22. Qc4 Rfc8 23. Qxb4 cxb4 24. Nc4 Ra6 25. Rfc1 Ne5 26. Nb6 Rc3 27. Rxc3 bxc3 28. Nc4 Nd3 29. Na3 Ra8 30. Nc2 Rb8 31. Kf1 Nb4 32. Rc1 Nxc2 33. Rxc2 Rxb3 34. Bc1 Rb1 35. Ke2 Ra1 36. Kd3 Rxa4 37. Be3 Rb4 38. f4 Rb2 39. Bc1 Rb3 40. Ra2 Rb5 41. Ra4 Kf8 42. Be3 Ke8 43. Bd4 Bxd4 44. Rxd4 Rc5 45. Kc2 Kd7 46. g4 Kc7 47. e5 Kb6 48. h4 Kb5 49. exd6 exd6 50. Rd3 Kb4 51. Re3 a4 52. Re7 a3 53. Rxf7 a2 54. Rb7+ Rb5 55. Ra7 Ra5 56. Rb7+ Kc4 0-1

[Event "SE-2013-0-00146"]
[Site "LSS email"]
[Date "2013.08.09"]
[Round "?"]
[White "Metz, Larry R"]
[Black "Shah, Sehba"]
[Result "1-0"]
[WhiteElo "1370"]
[BlackElo "1115"]
[PlyCount "47"]
[EventDate "2013.05.25"]
[EventType "tourn (corr)"]
[EventRounds "6"]
[EventCountry "GER"]
[SourceTitle "Telechess CBM 167"]
[Source "ChessBase"]
[SourceDate "2015.07.13"]
[SourceVersion "1"]
[SourceVersionDate "2015.07.13"]
[SourceQuality "1"]

1. e4 c5 2. Nf3 Nc6 3. d4 cxd4 4. Nxd4 Nf6 5. Nc3 e5 6. Nxc6 bxc6 7. Bd3 Be7 8. 0-0 0-0 9. Qe2 d6 10. Bc4 Bb7 11. Rd1 Qa5 12. Rd3 Qb4 13. Rg3 Rfe8 14. Bb3 d5 15. Bh6 Bf8 16. a3 Qc5 17. Be3 d4 18. Bg5 dxc3 19. Bxf6 cxb2 20. Rd1 Bc8 21. Bxf7+ Kxf7 22. Qh5+ Kxf6 23. Rf3+ Ke7 24. Qf7# 1-0

[Event "RF-2013-0-00162"]
[Site "LSS email"]
[Date "2013.08.09"]
[Round "?"]
[White "Serafino, Paola"]
[Black "Shah, Sehba"]
[Result "1/2-1/2"]
[WhiteElo "1297"]
[BlackElo "1100"]
[PlyCount "112"]
[EventDate "2013.06.12"]
[EventType "tourn (corr)"]
[EventRounds "6"]
[EventCountry "GER"]
[SourceTitle "Telechess CBM 163"]
[Source "ChessBase"]
[SourceDate "2014.11.11"]
[SourceVersion "2"]
[SourceVersionDate "2014.11.11"]
[SourceQuality "1"]

1. e4 c5 2. Nf3 Nc6 3. d4 cxd4 4. Nxd4 Nf6 5. Nc3 e5 6. Nf3 Bb4 7. Bd3 d5 8. 0-0 Bxc3 9. bxc3 dxe4 10. Re1 exd3 11. Nxe5 0-0 12. Nxc6 bxc6 13. cxd3 Bf5 14. d4 Qd5 15. Re5 Qd7 16. Ba3 Rfe8 17. Rc1 Rad8 18. Rxe8+ Rxe8 19. c4 Qe6 20. Bb4 Bg4 21. Qb3 Qe2 22. h3 Bf5 23. Re1 Qh5 24. Rxe8+ Nxe8 25. Qe3 Nf6 26. g4 Qg6 27. Qe5 Bd7 28. Qb8+ Be8 29. Be7 Qe4 30. Bxf6 gxf6 31. Qxa7 Kg7 32. a4 c5 33. Qxc5 Bxa4 34. Qa5 Bc2 35. Qd2 Bd3 36. Qe3 Qxe3 37. fxe3 Bxc4 38. Kg2 Kg6 39. e4 Kg5 40. Kg3 Bd3 41. h4+ Kg6 42. Kf4 h6 43. h5+ Kg7 44. Kf5 Bc2 45. Kf4 Kf8 46. Kf5 Ke7 47. d5 Bd1 48. d6+ Kf8 49. d7 Ke7 50. d8Q+ Kxd8 51. Kxf6 Ke8 52. g5 Bxh5 53. gxh6 Bg6 54. e5 Bh7 55. e6 fxe6 56. Kxe6 Bd3 1/2-1/2

[Event "RF-2013-0-00162"]
[Site "LSS email"]
[Date "2013.08.09"]
[Round "?"]
[White "Shah, Sehba"]
[Black "Raines, David T"]
[Result "1-0"]
[WhiteElo "1100"]
[BlackElo "941"]
[PlyCount "53"]
[EventDate "2013.06.12"]
[EventType "tourn (corr)"]
[EventRounds "6"]
[EventCountry "GER"]
[SourceTitle "Telechess CBM 163"]
[Source "ChessBase"]
[SourceDate "2014.11.11"]
[SourceVersion "2"]
[SourceVersionDate "2014.11.11"]
[SourceQuality "1"]

1. e4 c5 2. c3 d5 3. exd5 Qxd5 4. d4 Nf6 5. Nf3 Bg4 6. Be2 e6 7. h3 Bh5 8. 0-0 Nc6 9. Be3 cxd4 10. cxd4 Be7 11. Nc3 Qd8 12. Qb3 Qb8 13. Rfd1 0-0 14. d5 exd5 15. Nxd5 Nxd5 16. Rxd5 Bg6 17. Rd7 b6 18. Bb5 Na5 19. Qd5 Bf6 20. Bd4 a6 21. Bxf6 gxf6 22. Bf1 Ra7 23. Rd6 Qb7 24. Qd4 b5 25. Rxf6 Nc6 26. Qd5 Rd8 27. Qxc6 1-0

[Event "SE-2013-0-00146"]
[Site "LSS email"]
[Date "2013.08.05"]
[Round "?"]
[White "Basson, Heinrich"]
[Black "Shah, Sehba"]
[Result "1-0"]
[WhiteElo "1308"]
[BlackElo "1115"]
[PlyCount "113"]
[EventDate "2013.05.25"]
[EventType "tourn (corr)"]
[EventRounds "6"]
[EventCountry "GER"]
[SourceTitle "Telechess CBM 167"]
[Source "ChessBase"]
[SourceDate "2015.07.13"]
[SourceVersion "1"]
[SourceVersionDate "2015.07.13"]
[SourceQuality "1"]

1. d4 Nf6 2. c4 e6 3. Nc3 Bb4 4. Qc2 0-0 5. Nf3 d6 6. a3 Bxc3+ 7. Qxc3 Ne4 8. Qc2 f5 9. e3 Nd7 10. Bd3 Ndf6 11. 0-0 b6 12. b4 Bb7 13. Be2 Qe7 14. Bb2 Nd7 15. Rac1 Ng5 16. Qd1 Nxf3+ 17. Bxf3 Bxf3 18. Qxf3 Nf6 19. Qc6 Qd7 20. Qxd7 Nxd7 21. f3 e5 22. Rfd1 e4 23. Kf2 Rae8 24. a4 Rf7 25. b5 exf3 26. gxf3 Rfe7 27. Rc3 Kf7 28. Rg1 h6 29. h4 a5 30. h5 Nf6 31. Rh1 g6 32. hxg6+ Kxg6 33. Ke2 h5 34. Kf2 Rh7 35. Kg3 Kg5 36. Rg1 h4+ 37. Kh3+ Kh5 38. Bc1 Rg8 39. Rxg8 Nxg8 40. Rc2 Rg7 41. Rg2 Rxg2 42. Kxg2 Ne7 43. Bb2 Kg5 44. Kh3 c6 45. Ba3 c5 46. dxc5 dxc5 47. Bb2 Ng6 48. Bg7 f4 49. e4 Ne7 50. Be5 Ng6 51. Bc7 Kh5 52. Bxb6 Ne5 53. Bxa5 Nxf3 54. Bd8 Ng1+ 55. Kg2 h3+ 56. Kxg1 Kg4 57. b6 1-0

[Event "RF-2013-0-00162"]
[Site "LSS email"]
[Date "2013.08.03"]
[Round "?"]
[White "Shah, Sehba"]
[Black "Bester, Kazimierz"]
[Result "1-0"]
[WhiteElo "1100"]
[BlackElo "713"]
[PlyCount "63"]
[EventDate "2013.06.12"]
[EventType "tourn (corr)"]
[EventRounds "6"]
[EventCountry "GER"]
[SourceTitle "Telechess CBM 163"]
[Source "ChessBase"]
[SourceDate "2014.11.11"]
[SourceVersion "2"]
[SourceVersionDate "2014.11.11"]
[SourceQuality "1"]

1. e4 d5 2. exd5 Qxd5 3. Nc3 Qa5 4. d4 Nf6 5. Nf3 Bg4 6. h3 Bxf3 7. Qxf3 c6 8. Bd2 e5 9. Ne4 Qd8 10. dxe5 Nd5 11. Bc4 Be7 12. 0-0 0-0 13. Qg3 Nd7 14. Bh6 g6 15. Bxf8 Bxf8 16. Kh1 N7b6 17. Bb3 Bg7 18. Rad1 Qe7 19. f4 Qb4 20. Nd6 Rb8 21. c3 Qc5 22. Rf3 Bf8 23. f5 Ne7 24. Nxf7 Nbd5 25. Nd6 Kg7 26. f6+ Kh8 27. fxe7 Nxe7 28. Rf7 b5 29. Qh4 h5 30. Qf6+ Kg8 31. Rxf8+ Kh7 32. Qh8# 1-0

[Event "SF-2011-0-00104"]
[Site "LSS email"]
[Date "2011.07.13"]
[Round "?"]
[White "Shah, Sehba"]
[Black "Janicki, Michael"]
[Result "0-1"]
[WhiteElo "1058"]
[BlackElo "1310"]
[PlyCount "40"]
[EventDate "2011.06.18"]
[EventType "tourn (corr)"]
[EventRounds "6"]
[EventCountry "GER"]
[SourceTitle "Telechess CBM 155"]
[Source "ChessBase"]
[SourceDate "2013.07.16"]
[SourceVersion "1"]
[SourceVersionDate "2013.07.16"]
[SourceQuality "1"]

1. e4 d6 2. d4 Nf6 3. Nc3 g6 4. f4 Bg7 5. Nf3 0-0 6. Bd3 Na6 7. 0-0 c5 8. d5 Bg4 9. Bc4 Nc7 10. h3 Bxf3 11. Qxf3 e6 12. dxe6 fxe6 13. Rd1 Qe7 14. e5 dxe5 15. fxe5 Nfd5 16. Nxd5 Nxd5 17. Qe4 Rf5 18. Bxd5 Rxe5 19. Bxe6+ Qxe6 20. Qxb7 Re1+ 0-1

[Event "SF-2011-0-00104"]
[Site "LSS email"]
[Date "2011.07.12"]
[Round "?"]
[White "Szokol, Imre"]
[Black "Shah, Sehba"]
[Result "1-0"]
[WhiteElo "1397"]
[BlackElo "1058"]
[PlyCount "43"]
[EventDate "2011.06.18"]
[EventType "tourn (corr)"]
[EventRounds "6"]
[EventCountry "GER"]
[SourceTitle "Telechess CBM 157"]
[Source "ChessBase"]
[SourceDate "2013.11.12"]
[SourceVersion "1"]
[SourceVersionDate "2013.11.12"]
[SourceQuality "1"]

1. e4 c5 2. Nf3 Nc6 3. d4 cxd4 4. Nxd4 Nf6 5. Nc3 e5 6. Ndb5 d6 7. Bg5 a6 8. Na3 b5 9. Nd5 Be7 10. f3 Nd4 11. c3 Ne6 12. Bxf6 Bxf6 13. Nxf6+ gxf6 14. Nc2 Nf4 15. Qd2 Be6 16. g3 Ng6 17. Qh6 f5 18. exf5 Bxf5 19. 0-0-0 Qb6 20. Bg2 Rc8 21. Nb4 Qf2 22. Rd2 1-0

[Event "LSS SF-2010-0-00082"]
[Site "LSS email"]
[Date "2011.01.14"]
[Round "?"]
[White "Shah, Sehba"]
[Black "Loktayev, Vladislav"]
[Result "1/2-1/2"]
[WhiteElo "1054"]
[BlackElo "1219"]
[PlyCount "32"]
[EventDate "2010.11.17"]
[EventType "tourn (corr)"]
[EventRounds "6"]
[EventCountry "GER"]
[SourceTitle "Corr 2015"]
[Source "ChessBase"]
[SourceDate "2015.07.17"]
[SourceVersion "1"]
[SourceVersionDate "2015.07.17"]
[SourceQuality "1"]

1. e4 c5 2. c3 Nf6 3. e5 Nd5 4. d4 cxd4 5. Nf3 d6 6. Bc4 Nb6 7. Bb3 Nc6 8. cxd4 Bf5 9. exd6 Qxd6 10. Nc3 e6 11. 0-0 Be7 12. a4 Na5 13. Nb5 Qd8 14. Bf4 0-0 15. Bc2 Bxc2 16. Qxc2 Rc8 1/2-1/2

[Event "LSS RF-2010-0-00059"]
[Site "LSS email"]
[Date "2010.10.30"]
[Round "?"]
[White "Shah, Sehba"]
[Black "Billion, Paul"]
[Result "0-1"]
[WhiteElo "1073"]
[BlackElo "778"]
[PlyCount "24"]
[EventDate "2010.08.24"]
[EventType "tourn (corr)"]
[EventRounds "6"]
[EventCountry "GER"]
[SourceTitle "Corr 2015"]
[Source "ChessBase"]
[SourceDate "2015.07.17"]
[SourceVersion "1"]
[SourceVersionDate "2015.07.17"]
[SourceQuality "1"]

1. e4 e5 2. Nf3 d6 3. d4 exd4 4. Qxd4 Nc6 5. Bb5 Bd7 6. Bxc6 Bxc6 7. Nc3 Nf6 8. Bg5 Be7 9. 0-0-0 0-0 10. Rhe1 Ng4 11. Bxe7 Qxe7 12. h3 Nf6 0-1

[Event "LSS RF-2010-0-00059"]
[Site "LSS email"]
[Date "2010.10.22"]
[Round "?"]
[White "Ballero, Andrea"]
[Black "Shah, Sehba"]
[Result "1-0"]
[WhiteElo "1423"]
[BlackElo "1073"]
[PlyCount "57"]
[EventDate "2010.08.24"]
[EventType "tourn (corr)"]
[EventRounds "6"]
[EventCountry "GER"]
[SourceTitle "Telechess CBM 143"]
[Source "ChessBase"]
[SourceDate "2011.07.15"]
[SourceVersion "1"]
[SourceVersionDate "2011.07.15"]
[SourceQuality "1"]

1. e4 c5 2. Nf3 Nc6 3. d4 cxd4 4. Nxd4 Nf6 5. Nc3 e5 6. Ndb5 d6 7. Bg5 a6 8. Na3 b5 9. Nd5 Be7 10. Nxe7 Nxe7 11. Bxf6 gxf6 12. c4 Bb7 13. cxb5 Bxe4 14. bxa6 d5 15. Qa4+ Kf8 16. Nc2 Rg8 17. f3 Bg6 18. Nb4 Qb6 19. Rd1 d4 20. a3 Kg7 21. h4 h5 22. Bd3 f5 23. 0-0 Rgd8 24. Qb5 Qf6 25. Rfe1 e4 26. fxe4 fxe4 27. Bxe4 Ra7 28. Qc5 Rdd7 29. Bb7 1-0